| 000 | 00594nam a2200229Ia 4500 | ||
|---|---|---|---|
| 008 | 180523s9999 xx 000 0 und d | ||
| 020 | _a978-981-06-9894-2 | ||
| 050 | _aMAIN HB 172 | ||
| 050 | _b.P56 2008 | ||
| 100 | _aPindyck, Robert. S. | ||
| 245 | 0 | _aMicroeconomics / | |
| 245 | 0 | _cRobert S. Pindyck, Daniel L. Rubinfield. | |
| 250 | _a7th Edition | ||
| 260 | _aSingapore : | ||
| 260 | _bPearson Education South Asia, | ||
| 260 | _c2009 | ||
| 300 | _a736 pages : | ||
| 300 | _billustrations ; | ||
| 300 | _c24 cm. | ||
| 500 | _aIncludes index. | ||
| 650 | _aMicroeconomics. | ||
| 999 |
_c356778 _d356778 |
||